| 000 | 00641nam a2200193Ia 4500 | ||
|---|---|---|---|
| 003 | GCL | ||
| 008 | 140319s9999 xx 000 0 ara d | ||
| 040 |
_aGCL / _cGCL |
||
| 082 | 0 | 4 |
_aد _b050 _bم ع |
| 100 | 1 | _aمعهد العالم العربي | |
| 245 | 1 | 0 |
_aالعالم العربي في البحث العلمي / _cمعهد العالم العربي |
| 260 |
_a[S.N] : _bمعهد العالم العربي |
||
| 300 | _a64 | ||
| 490 |
_aكتاب العلوم الاجتماعية _v0 |
||
| 650 | 0 | 4 | _aالسياسة |
| 650 | 0 | 4 | _aالسياسة الخارجية |
| 650 | 0 | 4 | _aالسياسة الاجتماعية |
| 942 |
_2ddc _cCF |
||
| 999 |
_c27015 _d27015 |
||